Asian Countries Containing "S" - Statistics

General Stats
  • This quiz has been taken 116 times
    112 since last reset
  • The average score is 21 of 22
Answer Stats
Hint Answer % Correct
1 Afghanistan
99%
13 Saudi Arabia
99%
18 Tajikistan
99%
4 Indonesia
97%
6 Kazakhstan
97%
7 Kyrgyzstan
97%
20 Turkmenistan
97%
22 Uzbekistan
97%
8 Laos
96%
11 Pakistan
96%
15 South Korea
96%
5 Israel
95%
21 United Arab Emirates
95%
9 Malaysia
94%
12 Philippines
92%
16 Sri Lanka
92%
2 Bangladesh
91%
14 Singapore
91%
17 Syria
91%
19 Timor-Leste
85%
10 Maldives
82%
3 Cyprus
81%
No matching quizzes found
Score Distribution
Percent of People with Each Score
Percentile by Number Answered
Your Score History
You have not taken this quiz since the last reset